| 000 | 01960nam a2200385 c 4500 | ||
|---|---|---|---|
| 003 | BLK | ||
| 005 | 20180422103643.0 | ||
| 008 | 180408b bul|||||r ||||||| ||bul|| | ||
| 010 | _aKNG00081771000 | ||
| 020 |
_a978-954-8692-32-8 _bиздат.: Аквариус |
||
| 040 | _aBLK | ||
| 041 |
_aBUL _cBUL |
||
| 080 |
_aПсихология на детската възраст. Интелектуално развитие на децата. Психически особености. Детски представи, описани в разкази _b159.922.7 _x _z159.922.7 |
||
| 080 |
_aВъзпитание у дома. Семейно възпитание _b37.018.1 _x _z37.018.1 |
||
| 100 | 1 |
_aПрекоп, Иржина _eпърви автор _9252360 |
|
| 700 | 1 |
_aХараланова, Даря _eпрев. от нем. _9367106 |
|
| 700 | 1 |
_aПрекоп, Жирина _e* _9371998 |
|
| 139 |
_aПрекоп, Жирина _bП 86 |
||
| 245 | 1 | 0 |
_aМалкият тиранин _bОпората, от която се нуждаят децата _cИржина Прекоп; прев. от нем. Даря Хараланова; * Жирина Прекоп. |
| 250 | _a2. прераб. и доп. изд. | ||
| 257 | _aDEU | ||
| 260 |
_аСофия _bАквариус _c2007 |
||
| 300 |
_a224 с. _c20 см |
||
| 380 | _a3 | ||
| 500 | _aОриг. загл. Der kleine Tyrann / Jirina Prekop. - 1. изд. 1995. - Съдържа и Азбучен указател на понятията / Състав. Галя Баева. - Библиогр. с. 216-220. | ||
| 650 | 4 |
_aДеца - психология и възпитание _9247409 |
|
| 650 | 4 |
_aВъзпитание в семейството _9242361 |
|
| 653 | _aсемейно възпитание | ||
| 653 | _aдетска психология | ||
| 852 | _aЦб 238619 | ||
| 856 | 4 |
_qpdf _u |
|
| 856 | 4 |
_qpdf _u |
|
| 942 |
_cKNG _n0 |
||
| 944 |
_aCR _c25.02.2008 _lф / _kЛюдмила_Стоянова |
||
| 944 |
_aED _c13.12.2012 _lф / _k |
||
| 999 |
_c77319 _d77319 |
||